Home Print Resources E-Books E-Journals IIMT Lecture Series Library Membership Form Book Recommendation Form Campus Tour Take AdmissionAbout Us Contact Us

Councelling and guidence (Record no. 22256)

000 -LEADER
fixed length control field 00392nam a2200169Ia 4500
003 - CONTROL NUMBER IDENTIFIER
control field OSt
005 - DATE AND TIME OF LATEST TRANSACTION
control field 20240424111622.0
008 - FIXED-LENGTH DATA ELEMENTS--GENERAL INFORMATION
fixed length control field 170619s9999 xx 000 0 und d
020 ## - INTERNATIONAL STANDARD BOOK NUMBER
International Standard Book Number 978-1259005077
040 ## - CATALOGING SOURCE
Transcribing agency IIMT ENGINEERING COLLEGE
100 ## - MAIN ENTRY--PERSONAL NAME
Personal name Rao- S N
245 #0 - TITLE STATEMENT
Title Councelling and guidence
260 ## - PUBLICATION, DISTRIBUTION, ETC.
Name of publisher, distributor, etc. New Delhi T M H
260 ## - PUBLICATION, DISTRIBUTION, ETC.
Date of publication, distribution, etc. 2006
546 ## - LANGUAGE NOTE
Language note ENGLISH
942 ## - ADDED ENTRY ELEMENTS (KOHA)
Source of classification or shelving scheme
Koha item type Book Bank
Holdings
Withdrawn status Lost status Source of classification or shelving scheme Damaged status Not for loan Home library Current library Source of acquisition Cost, normal purchase price Total Checkouts Barcode Date last seen Price effective from Koha item type
          IIMT Engineering College-MBA IIMT Engineering College-MBA 21 205.00   13-B-3450 06/23/2017 06/23/2017 Text-Book- for 7 days
          IIMT Engineering College-MBA IIMT Engineering College-MBA 21 205.00   13-B-3451 06/23/2017 06/23/2017 Text-Book- for 7 days
          IIMT Engineering College-MBA IIMT Engineering College-MBA 21 205.00   13-B-3452 06/23/2017 06/23/2017 Text-Book- for 7 days
          IIMT Engineering College-MBA IIMT Engineering College-MBA 21 205.00   13-B-3453 06/23/2017 06/23/2017 Text-Book- for 7 days
          IIMT Engineering College-MBA IIMT Engineering College-MBA 21 205.00   13-B-3454 06/23/2017 06/23/2017 Text-Book- for 7 days
          IIMT Engineering College-MBA IIMT Engineering College-MBA 21 205.00   13-B-3455 06/23/2017 06/23/2017 Text-Book- for 7 days
          IIMT Engineering College-MBA IIMT Engineering College-MBA 21 205.00   13-B-3456 06/23/2017 06/23/2017 Text-Book- for 7 days
          IIMT Engineering College-MBA IIMT Engineering College-MBA 21 205.00   13-B-3457 06/23/2017 06/23/2017 Text-Book- for 7 days
          IIMT Engineering College-MBA IIMT Engineering College-MBA 21 205.00   13-B-3458 06/23/2017 06/23/2017 Text-Book- for 7 days
          IIMT Engineering College-MBA IIMT Engineering College-MBA 21 205.00   13-B-3459 06/23/2017 06/23/2017 Text-Book- for 7 days
IIMT, Central Library. All Rights Reserved IIMT,UNIVERSITY © 2023
Implemented and Customised by I CLOUDE EMS
You Are OPAC Visitor No
free web counter

Powered by Koha